Online
Catalog

Explorarión de la selva oscura : (Record no. 20810)

MARC details
000 -CABECERA
campo de control de longitud fija 00664nam a2200217 a 4500
001 - NÚMERO DE CONTROL
campo de control 000021310
005 - FECHA Y HORA DE LA ÚLTIMA TRANSACCIÓN
campo de control 20200930011307.0
008 - DATOS DE LONGITUD FIJA--INFORMACIÓN GENERAL
campo de control de longitud fija 100904s1998 ve r 000 0 spa d
020 ## - NÚMERO INTERNACIONAL ESTÁNDAR DEL LIBRO
Número Internacional Estándar del Libro 9800110860
040 ## - FUENTE DE LA CATALOGACIÓN
Centro catalogador/agencia de origen DO-SdBNP
Lengua de catalogación spa
Centro/agencia transcriptor BNPHU
082 ## - NÚMERO DE LA CLASIFICACIÓN DECIMAL DEWEY
Número de clasificación 854.32
Número de documento/Ítem J61e
049 ## - FONDOS LOCALES (OCLC)
Fondos de biblioteca BNGR
100 1# - ENTRADA PRINCIPAL--NOMBRE DE PERSONA
Nombre de persona Jiménez Sierra, Elisio,
Fechas asociadas al nombre 1919-
9 (RLIN) 44531
245 10 - MENCIÓN DE TÍTULO
Título Explorarión de la selva oscura :
Resto del título ensayos sobre Dante y Petrarca /
Mención de responsabilidad, etc. Elisio Jiménez Sierra.
260 ## - PUBLICACIÓN, DISTRIBUCIÓN, ETC.
Lugar de publicación, distribución, etc. Caracas :
Nombre del editor, distribuidor, etc. Monte Ávila,
Fecha de publicación, distribución, etc. 1998.
300 ## - DESCRIPCIÓN FÍSICA
Extensión 90, [1] p. ;
Dimensiones 16 cm.
490 1# - MENCIÓN DE SERIE
Mención de serie Breve
Designación de volumen o secuencia 9
650 #4 - PUNTO DE ACCESO ADICIONAL DE MATERIA--TÉRMINO DE MATERIA
Término de materia o nombre geográfico como elemento de entrada Ensayos italianos
9 (RLIN) 10585
650 #4 - PUNTO DE ACCESO ADICIONAL DE MATERIA--TÉRMINO DE MATERIA
Término de materia o nombre geográfico como elemento de entrada Literatura italiana
9 (RLIN) 3329
830 #0 - PUNTO DE ACCESO ADICIONAL DE SERIE-TÍTULO UNIFORME
Título uniforme Breve ;
Designación de volumen o secuencia 9
9 (RLIN) 44532
Holdings
Estado de retiro Estado de pérdida Restricciones de uso No para préstamo Código de colección Localización permanente Ubicación/localización actual Ubicación en estantería Fecha de adquisición Número de inventario Total de préstamos Signatura topográfica completa Código de barras Fecha visto por última vez Precio válido a partir de Tipo de ítem Koha Número de copia
    Préstamo interno   Monografías: Libros y Folletos General General En catalogación 04.09.2010 LF1   854.32 J61e 21310-10 25.06.2020 25.06.2020 Préstamo interno  
    Préstamo interno Préstamo restrigido Monografías: Libros y Folletos General General En catalogación 04.09.2010 LF1   854.32 J61e 21310-20 25.06.2020 25.06.2020 Préstamo interno e. 2

Powered by Koha